书目信息 |
| 题名: |
这才是心理学
|
|
| 作者: | 谢晴 , 颜雅琴 著 | |
| 分册: | ||
| 出版信息: | 北京 中国轻工业出版社 2019.08 |
|
| 页数: | 240页 | |
| 开本: | 21cm | |
| 丛书名: | ||
| 单 册: | ||
| 中图分类: | B84-49 , D917.2-49 | |
| 科图分类: | ||
| 主题词: | 心理学--xin li xue--通俗读物 , 犯罪心理学--fan zui xin li xue--通俗读物 | |
| 电子资源: | ||
| ISBN: | 978-7-5184-2334-7 | |
| 000 | 01058nam0 2200325 45 | |
| 001 | 012001001802 | |
| 005 | 20141203083239.0 | |
| 010 | @a978-7-5184-2334-7@dCNY34.50 | |
| 099 | @aCAL 012019152111 | |
| 100 | @a20220905d2019 em y0chiy50 ea | |
| 101 | 0 | @achi |
| 102 | @aCN@b110000 | |
| 105 | @aabh a 000yy | |
| 106 | @ar | |
| 200 | 1 | @a这才是心理学@Azhe cai shi xin li xue@e犯罪心理学@f谢晴, 颜雅琴著 |
| 210 | @a北京@c中国轻工业出版社@d2019.08 | |
| 215 | @a240页@c图, 摹真, 地图@d21cm | |
| 312 | @a英文题名取自封面 | |
| 320 | @a有书目 (238-239页) | |
| 330 | @a本书介绍犯罪心理学如何产生,作者以全新学科视角审视热议社会问题,从犯罪心理角度呈现罪案的不同侧面。 | |
| 510 | 1 | @aCriminal Psychology@zeng |
| 517 | 1 | @a犯罪心理学@Afan zui xin li xue |
| 606 | 0 | @a心理学@Axin li xue@j通俗读物 |
| 606 | 0 | @a犯罪心理学@Afan zui xin li xue@j通俗读物 |
| 690 | @aB84-49@v4 | |
| 690 | @aD917.2-49@v4 | |
| 701 | 0 | @a谢晴@Axie qing@4著 |
| 701 | 0 | @a颜雅琴@Ayan ya qin@4著 |
| 801 | 0 | @aCN@bAHXH@c20221111 |
| 905 | @b1376133-7@dB84-49@e4514@f5 | |
| 这才是心理学:犯罪心理学/谢晴, 颜雅琴著.-北京:中国轻工业出版社,2019.08 |
| 240页:图, 摹真, 地图;21cm |
| ISBN 978-7-5184-2334-7:CNY34.50 |
| 本书介绍犯罪心理学如何产生,作者以全新学科视角审视热议社会问题,从犯罪心理角度呈现罪案的不同侧面。 |
| ● |
| 相关链接 |
|
|
|
|
正题名:这才是心理学
索取号:B84-49/4514
 
预约/预借
| 序号 | 登录号 | 条形码 | 馆藏地/架位号 | 状态 | 备注 |
| 1 | 1376133 | 213761339 | 第一样本阅览室/ [索取号:B84-49/4514] | 在馆 | |
| 2 | 1376134 | 213761348 | 教育系资料室/ [索取号:B84-49/4514] | 在馆 | |
| 3 | 1376135 | 213761357 | 教育系资料室/ [索取号:B84-49/4514] | 在馆 | |
| 4 | 1376136 | 213761366 | 第一借阅区/ [索取号:B84-49/4514] | 在馆 | |
| 5 | 1376137 | 213761375 | 第一借阅区/ [索取号:B84-49/4514] | 在馆 |